Ποιήματα

Saved in:
Bibliographic Details
Main Author: Σεφέρης, Γιώργος, 1900-1971
Format: Book
Language:Greek
Published: Αθήνα : Ίκαρος, 2014.
Edition:Νέα έκδ.
Subjects:
Tags: Add Tag
No Tags, Be the first to tag this record!

MARC

LEADER 00000cam a2200000 a 4500
001 1/110734
008 160516s2014####gr | ||| |||| ||gre||
020 |a 9789605720162 
040 |a GR-MyUa  |b gre  |c GR-MyUa  |e AACR2 
041 0 |a gre 
082 7 |a 889.1   |2 (23)  
100 1 |a Σεφέρης, Γιώργος,   |d 1900-1971. 
245 1 0 |a Ποιήματα /   |c Γιώργος Σεφέρης. 
250 |a Νέα έκδ.  
260 |a Αθήνα :   |b Ίκαρος,   |c 2014.  
300 |a 503 σ. ;   |c 21 εκ.  
500 |a Περιλαμβάνει ευρετήριο.  
650 0 |a Greek poetry. 
852 |a INST  |b SYROS  |c EUDOXUS  |e 20160516  |h 889.1 ΣΕΦ  |p 005500011614  |q 005500011614  |t BK  |y 0 
920 |a Εύδοξος  |b Παραγγελία  |y Σύρος-ΤΜΣΠΣ  |z 2016-5 
970 |a Κοντού  |b Παρασκευή  |z 16/05/2016